000 02402nam a2200205Ia 4500
008 220216s9999 xx 000 0 und d
100 _aAlex R
245 0 _aGamma ray irradiation can reduce proteins in NR
260 _bRubber Asia Margma
_c2016
300 _a90-94,131
520 _aAn attempt is made to reduce protein content of natural rubber by exposure to different doses of gamma radiation. Exposure of natural rubber (NR) latex to low doses of y radiation results in partial degradation of proteins. By treating the y ray irradiated latex with protein hydrolysing enzyme, it is possible to further reduce the protein content of NR equivalent to that of deproteinised natural rubber (DPNR), along with raw rubber characteristics acceptable as per graded natural rubber. Generally, DPNR produced by enzymatic hydrolysis of proteins have a lower initial plasticity (P0) and lower plasticity retention index (PRI) while a combination of gamma ray exposure and enzyme treatment results in DPNR of high P0 and PRI. Exposure of creamed latex which is obtained from latex that is irradiated by low doses of y radiation and compounded with suitable sensitiser; to higher doses of gamma radiation results in radiation vulcanised natural rubber latex (RVNRL). Such RVNRL has an advantage that it is suitable to produced latex ased products with very low leachable proteins after suitable leaching operations, as Type 1 allergy has ben reported with latex products that have high amount of leachable proteins. On exposure of latex to varying doses of y radiation the following chemical changes are to take place (1) degradation of proteins (2) formation of micro gel that enhances green strength and initial plasticity of rubber (3) cross linking of rubber molecules inside the rubber particles. Most of the degraded proteins can be removed easily during further processing of latex. Exposure of NR latex to y radiation is a simple and less time consuming technique to produce deproteinised natural rubber with good raw rubber characteristics and radiation vulcanised natural rubber latex that can be used to produce latex products with very low leachable proteins.
650 _aDeproteinisation
650 _aGamma ray irradiation
650 _aGel content
650 _aInitial plasticity
650 _aNatural rubber latex
700 _aAbraham E K
700 _aJoseph Joy
942 _cJS
999 _c59731
_d59731